Hush! : (Record no. 358281)
[ view plain ]
| 000 -LEADER | |
|---|---|
| fixed length control field | 00707nam a2200289Ia 4500 |
| 008 - FIXED-LENGTH DATA ELEMENTS--GENERAL INFORMATION | |
| fixed length control field | 180803s9999 xx 000 0 und d |
| 020 ## - INTERNATIONAL STANDARD BOOK NUMBER | |
| International Standard Book Number | 9780531071663 |
| 050 ## - LIBRARY OF CONGRESS CALL NUMBER | |
| Item number | H678 1996 |
| 100 ## - MAIN ENTRY--PERSONAL NAME | |
| Personal name | Ho, Minfong |
| 245 #0 - TITLE STATEMENT | |
| Title | Hush! : |
| 245 #2 - TITLE STATEMENT | |
| Remainder of title | a Thai lullaby / |
| 245 #0 - TITLE STATEMENT | |
| Statement of responsibility, etc | by Minfong Ho ; pictures by Holly Meade. |
| 260 ## - PUBLICATION, DISTRIBUTION, ETC. (IMPRINT) | |
| Place of publication, distribution, etc | Broadway, New York : |
| 260 ## - PUBLICATION, DISTRIBUTION, ETC. (IMPRINT) | |
| Name of publisher, distributor, etc | Scholastic, |
| 260 ## - PUBLICATION, DISTRIBUTION, ETC. (IMPRINT) | |
| Date of publication, distribution, etc | 1996 |
| 300 ## - PHYSICAL DESCRIPTION | |
| Extent | unpaged : |
| 300 ## - PHYSICAL DESCRIPTION | |
| Other physical details | colored ; |
| 300 ## - PHYSICAL DESCRIPTION | |
| Dimensions | 26cm. |
| 500 ## - GENERAL NOTE | |
| General note | 600 |
| 650 ## - SUBJECT ADDED ENTRY--TOPICAL TERM | |
| Topical term or geographic name as entry element | Lullabies, English -- |
| 650 ## - SUBJECT ADDED ENTRY--TOPICAL TERM | |
| Topical term or geographic name as entry element | Lullabies, English. |
| 650 ## - SUBJECT ADDED ENTRY--TOPICAL TERM | |
| Topical term or geographic name as entry element | Thailand -- |
| 650 ## - SUBJECT ADDED ENTRY--TOPICAL TERM | |
| General subdivision | Juvenile poetry. |
| 650 ## - SUBJECT ADDED ENTRY--TOPICAL TERM | |
| General subdivision | United States. |
| 700 ## - ADDED ENTRY--PERSONAL NAME | |
| Personal name | Meade, Holly. |
| 700 ## - ADDED ENTRY--PERSONAL NAME | |
| Personal name | Title. |
| Withdrawn status | Lost status | Damaged status | Home library | Current library | Shelving location | Date acquired | Cost, normal purchase price | Total Checkouts | Full call number | Barcode | Date last seen | Price effective from | Koha item type |
|---|---|---|---|---|---|---|---|---|---|---|---|---|---|
| Stonyhurst Southville International School (Malarayat) | Stonyhurst Southville International School (Malarayat) | 08/03/2018 | 0.00 | LEX H678 1996 | SSISM5559 | 08/03/2018 | 08/03/2018 | Lexile |